000 01555cam a2200265 4500
001 ABS64987
008 020123n2001 000 0 eng u
035 _a(Sirsi) u116399
100 _aKashiwagi, D.
245 _aBest value procurement in construction using artificial intelligence
260 _c2001
490 _aJournal of Construction Procurement
_v7(2), 42-59(18)
520 _aThere is a growing movement in the construction industry away from procurement through traditional low-bid methods toward performance based and best value procurement. Best value is achieved by contractors who optimise by price and performance. Until now there have been two major types of best value procurement: one-step and two-step. The major difficulty with both systems is finding an unbiased way to evaluate value versus performance. This study explores best value as identified by artificial intelligence (AI). The paper covers a case study of the use of a performance based procurement system called performance information procurement system (PBIS), to obtain best value on roof replacement and mechanical systems replacement projects in public schools and the state of Hawaii. [TAKEN FROM JOURNAL HEADNOTE]
590 _aABS
650 _aARTIFICIAL INTELLIGENCE
650 _aProcurement-old
650 _aHAWAII
650 _aPERFORMANCE
650 _aPERFORMANCE INFORMATION PROCUREMENT SYSTEM
650 _aBEST VALUE
650 _aCONSTRUCTION INDUSTRY
650 _aUNITED STATES
690 _aProcurement
_96260
942 _n0
999 _c69327
_d69327